| 000 | 00850nam a2200217 a 4500 | ||
|---|---|---|---|
| 003 | 0 | ||
| 005 | 20250303101200.0 | ||
| 008 | 090706s19uu xx 00 eng d | ||
| 050 |
_aPGS HQ 784.I58W3 _b.W873 2009 |
||
| 100 | _aWoo, Lim Shin. | ||
| 245 |
_aWebsites and search engines most frequented by male and female middle school students / _cLim Shin Woo. |
||
| 260 |
_aLas PiƱas City, Philippines : _bSouthville International School and Colleges, _c2009. |
||
| 300 |
_a27 pages : _billustrations ; _c28 cm. |
||
| 504 | _aIncludes bibliographic references. | ||
| 650 |
_aSearch engines _vUsage by children. |
||
| 650 |
_aInternet and children _vBehavioral aspects. |
||
| 650 |
_aWeb browsing behavior _vGender differences. |
||
| 650 |
_aStudents _vInternet habits. |
||
| 650 | _aOnline preferences of students. | ||
| 942 |
_2lcc _cPASS |
||
| 999 |
_c98223 _d98223 |
||